000
00339nam a22001457a 4500
008
210430b ||||| |||| 00| 0 eng d
020
_a
x001al5s1p
041
_a
eng
080
_2
2nd
_a
159.9
082
_a
159.9
100
_a
48
101
_a
PSI
245
_a
Behavioral Assessment of Childhood Disorders
_c
Mash,E.J
942
_2
udc
_c
BK
999
_c
57051
_d
57051